| Tag |
First Indicator |
Second Indicator |
Subfields |
| LEADER |
00000cam a2200000Ka 4500 |
| 001 |
in00001814321 |
| 005 |
20151026051903.0 |
| 008 |
031114s2003 ie 000 0 eng d |
| 020 |
|
|
|a 1869857615
|
| 035 |
|
|
|a (OCoLC)ocm53437229
|
| 040 |
|
|
|a IEKBA
|c IEKBA
|d TXA
|d UtOrBLW
|
| 049 |
|
|
|a TXAM
|
| 090 |
|
|
|a CJ2546
|b .C65 2003
|
| 100 |
1 |
|
|a Colgan, Edward.
|
| 245 |
1 |
0 |
|a For want of good money :
|b the story of Ireland's coinage /
|c Edward Colgan.
|
| 264 |
|
1 |
|a Bray, Co. Wicklow :
|b Wordwell,
|c 2003.
|
| 300 |
|
|
|a x, 208 pages :
|b illustrations ;
|c 25 cm.
|
| 336 |
|
|
|a text
|b txt
|2 rdacontent
|
| 337 |
|
|
|a unmediated
|b n
|2 rdamedia
|
| 338 |
|
|
|a volume
|b nc
|2 rdacarrier
|
| 504 |
|
|
|a Contains bibliogaphical references (pages 199-202) and index.
|
| 650 |
|
0 |
|a Coinage
|z Ireland
|x History.
|
| 948 |
|
|
|a cataloged
|b h
|c 2004/3/8
|d c
|e jgreene
|f 1:03:02 pm
|
| 994 |
|
|
|a E0
|b TXA
|
| 999 |
|
|
|a MARS
|
| 999 |
f |
f |
|s 6fb777a3-5393-3044-9879-d2c4d52898d1
|i b515eb03-916c-3484-b1ed-c6443ed6b228
|t 0
|
| 952 |
f |
f |
|p ric
|a Texas A&M University
|b Rellis Campus
|c Joint Library Facility
|d Remote Storage
|t 0
|e CJ2546 .C65 2003
|h Library of Congress classification
|i unmediated -- volume
|m A14831066816
|
| 998 |
f |
f |
|a CJ2546 .C65 2003
|t 0
|l Remote Storage
|